World Books: Cumulative Glossary and In.. (Record no. 685474)

MARC details
000 -LEADER
fixed length control field 00285nam a2200109Ia 4500
008 - FIXED-LENGTH DATA ELEMENTS--GENERAL INFORMATION
fixed length control field 220713s9999 xx 000 0 und d
020 ## - INTERNATIONAL STANDARD BOOK NUMBER
International Standard Book Number <a href="0 7166 5017 7">0 7166 5017 7</a>
082 ## - DEWEY DECIMAL CLASSIFICATION NUMBER
Classification number JR 390 WORL
942 ## - ADDED ENTRY ELEMENTS
Modifier ID 561
Modifier Name John Tresidder
100 ## - MAIN ENTRY--PERSONAL NAME
Personal name No author, editors only
245 #0 - TITLE STATEMENT
Title World Books: Cumulative Glossary and In..
942 ## - ADDED ENTRY ELEMENTS
item type Books
Holdings
Withdrawn status Lost status Damaged status Not for loan Home library Current library Date acquired Cost, normal purchase price Total Checkouts Barcode Date last seen Price effective from item type Public note
        Gerard Sekoto PL(MMID-PLST-GERA) Gerard Sekoto PL(MMID-PLST-GERA) 13.07.2022 270.00   33089000164974 13.07.2022 13.07.2022 Books 452/09
        Nasaret PL (MMID-PLST-NASA) Nasaret PL (MMID-PLST-NASA) 02.07.2022 479.00   33089000224505 02.07.2022 02.07.2022 Books 741/12
        Rietkuil PL (MMID-PLST-RIET) Rietkuil PL (MMID-PLST-RIET) 24.06.2022 473.00   33909000507957 24.06.2022 24.06.2022 Books 20/2010